000 00688nam a22002177a 4500
999 _c160596
_d160596
005 20190205164802.0
006 a|||||f|||| 00| 0
007 tc
008 180720b xxu||||| |||| 00| 0 eng d
010 _aBR-003057-BR-003061
020 _c05.00
035 _aBR-003057
037 _bA.I.C.B.
082 _a000
245 _aGeneral Knowledge
_b(2018-2019)
260 _aNew Delhi
_bA.C.I.B.
_cN.D.
270 _aSector-5, Rohini,
_b New Delhi
_e110085
300 _a5V.,various pages.
_c30cm (HB).
942 _2ddc
_cBRLEN
_h000
_mGEN